000 01176cam a2200289 a 4500
005 20100618172916.0
008 090814s2009 ncu b 001 0 eng c
010 _aENG-101573
020 _a9788125040071
_c399.00
035 _aEN-85106
037 _bDBAD/PUB
040 _adpl
_bEnglish
082 0 0 _a305.2350954
100 1 _aLukose, Ritty A.
_d1968-
_922392
245 1 0 _aLiberalization's children :
_bgender, youth, and consumer citizenship in globalizing India /
_cby Ritty A. Lukose
260 _aNew Delhi
_bOrient Blackswan
_c2010
270 _a1/24 Asaf Ali Road
_bNew Delhi
_e110002
300 _axiii, 284p.
_c24cm (pbk)
500 _aIncludes bibliographical references and index.
650 0 _aYouth
_zIndia.
_922393
650 0 _aConsumption (Economics)
_zIndia.
_922394
650 0 _aGlobalization
_zIndia.
_922395
651 0 _aIndia
_xEconomic conditions
_y21st century.
_922396
942 _2ddc
_cEN
_h305.2350954
_mLUK
999 _c47980
_d47980